[Event "BEL-chT 1617"]
[Site "Belgium"]
[Date "2017.04.30"]
[Round "11.1"]
[White "Dutreeuw, Marc"]
[Black "Hera, Imre Jr"]
[Result "0-1"]
[WhiteElo "2417"]
[BlackElo "2619"]
[PlyCount "112"]
[EventDate "2016.10.02"]
[EventType "team-tourn"]
[EventRounds "11"]
[EventCountry "BEL"]
[SourceTitle "EXT 2018"]
[Source "ChessBase"]
[SourceDate "2017.10.13"]
[SourceVersion "1"]
[SourceVersionDate "2017.10.13"]
[SourceQuality "1"]
[WhiteTeam "Borgerhout"]
[BlackTeam "Wirtzfeld"]
[WhiteTeamCountry "BEL"]
[BlackTeamCountry "BEL"]

1. e4 c5 2. Nf3 e6 3. d4 cxd4 4. Nxd4 a6 5. c3 Qc7 6. Bd3 Nf6 7. 0-0 d6 8. Qe2 Nbd7 9. Bc2 g6 10. Bg5 Bg7 11. Nd2 0-0 12. a4 b6 13. Qc4 Qc5 14. Bxf6 Bxf6 15. N4b3 Qh5 16. Bd1 Qh6 17. Qc6 Rb8 18. Nf3 Be7 19. Be2 Rd8 20. Qc4 Bb7 21. Qd3 Qf4 22. Nfd2 Nf6 23. Qg3 Qh6 24. Rfe1 Bxe4 25. Bxa6 Ba8 26. Qe3 Qg7 27. Bf1 Nd5 28. Qe2 Nf4 29. Qg4 g5 30. g3 h5 31. Qd1 h4 32. Nc4 Qg6 33. Nd4 Bf6 34. Qg4 hxg3 35. hxg3 Nd3 36. Red1 Be4 37. Bg2 Bxg2 38. Kxg2 d5 39. Ne3 Nxb2 40. Rdb1 Nd3 41. Rb5 Rdc8 42. Rab1 Ne5 43. Qe2 Rxc3 44. Nd1 Rc4 45. R1b4 Rxb4 46. Rxb4 Kg7 47. Nf3 Qh5 48. Ng1 Qh7 49. Ne3 Rh8 50. Rxb6 d4 51. Ng4 d3 52. Qd1 Qe4+ 53. f3 Nxg4 54. fxe4 Ne3+ 55. Kf3 Nxd1 56. a5 g4+ 0-1

[Event "BEL-chT 0910"]
[Site "Belgium"]
[Date "2009.09.27"]
[Round "1"]
[White "Landa, Konstantin"]
[Black "Dutreeuw, Marc"]
[Result "1/2-1/2"]
[WhiteElo "2655"]
[BlackElo "2408"]
[PlyCount "82"]
[EventDate "2009.09.27"]
[EventType "team-tourn"]
[EventRounds "11"]
[EventCountry "BEL"]
[SourceTitle "EXT 2011"]
[Source "ChessBase"]
[SourceDate "2010.11.26"]
[SourceVersion "1"]
[SourceVersionDate "2010.11.26"]
[SourceQuality "1"]
[WhiteTeam "Jean Jaures"]
[BlackTeam "Borgerhout"]
[WhiteTeamCountry "BEL"]
[BlackTeamCountry "BEL"]

1. e4 Nf6 2. e5 Nd5 3. d4 d6 4. c4 Nb6 5. exd6 cxd6 6. d5 g6 7. Qd4 Rg8 8. Nc3 Bg7 9. Qh4 h6 10. Nf3 Bf5 11. Bd2 Na6 12. Rc1 Nc5 13. g4 g5 14. Qh3 Bg6 15. Be2 Qd7 16. b3 0-0-0 17. 0-0 f5 18. Ne1 Kb8 19. b4 Ne4 20. Nxe4 fxe4 21. Qb3 e6 22. Ng2 exd5 23. cxd5 Rc8 24. Ne3 Rxc1 25. Rxc1 Rc8 26. Rxc8+ Qxc8 27. a4 Qc7 28. a5 Nd7 29. Kg2 Bd4 30. Nc2 Be5 31. Be3 Qc3 32. Qa4 Nf6 33. a6 Nxd5 34. axb7 Nxe3+ 35. Nxe3 Qc7 36. Bc4 Bd4 37. Bd5 Bxe3 38. fxe3 Qc3 39. Qc6 Qd2+ 40. Kf1 Qd1+ 41. Kf2 Qd2+ 1/2-1/2

[Event "BEL-chT 0809"]
[Site "Belgium"]
[Date "2008.12.07"]
[Round "5.1"]
[White "Dutreeuw, Marc"]
[Black "Levin, Felix"]
[Result "1-0"]
[WhiteElo "2404"]
[BlackElo "2564"]
[PlyCount "73"]
[EventDate "2008.10.05"]
[EventType "team-tourn"]
[EventRounds "11"]
[EventCountry "BEL"]
[SourceTitle "EXT 2010"]
[Source "ChessBase"]
[SourceDate "2010.11.25"]
[SourceVersion "1"]
[SourceVersionDate "2010.11.25"]
[SourceQuality "1"]
[WhiteTeam "Borgerhout"]
[BlackTeam "KSK47 Eynatten"]
[WhiteTeamCountry "BEL"]
[BlackTeamCountry "BEL"]

1. e4 c5 2. Nf3 d6 3. d4 cxd4 4. Nxd4 Nf6 5. Nc3 Bd7 6. g3 Nc6 7. Bg2 g6 8. Nd5 Bg7 9. Nxc6 bxc6 10. Nxf6+ Bxf6 11. c3 h5 12. h4 Rb8 13. 0-0 a5 14. f4 Qc7 15. Rf2 c5 16. Be3 a4 17. Qc2 Qa5 18. a3 Bg7 19. Bf3 Qb5 20. Re1 Qb3 21. Qd2 Bc6 22. Qe2 Qb7 23. Bc1 e5 24. Rd1 exf4 25. Bxf4 Be5 26. Rxd6 Bxf4 27. gxf4 0-0 28. Qc4 Kh7 29. Bg2 Rbe8 30. e5 Bxg2 31. Rxg2 Qe7 32. Rf6 Rd8 33. Qe4 Rd1+ 34. Kh2 Re8 35. Rgxg6 fxg6 36. Qxg6+ Kh8 37. Qxh5+ 1-0

[Event "BEL-chT 0809"]
[Site "Belgium"]
[Date "2008.11.23"]
[Round "4.1"]
[White "Nijboer, Friso"]
[Black "Dutreeuw, Marc"]
[Result "1/2-1/2"]
[WhiteElo "2564"]
[BlackElo "2404"]
[PlyCount "75"]
[EventDate "2008.10.05"]
[EventType "team-tourn"]
[EventRounds "11"]
[EventCountry "BEL"]
[SourceTitle "CBM 127 Extra"]
[Source "ChessBase"]
[SourceDate "2009.01.08"]
[SourceVersion "2"]
[SourceVersionDate "2009.01.28"]
[SourceQuality "1"]
[WhiteTeam "Wirtzfeld"]
[BlackTeam "Borgerhout"]
[WhiteTeamCountry "BEL"]
[BlackTeamCountry "BEL"]

1. e4 e5 2. Nf3 Nc6 3. Bb5 a6 4. Ba4 Nf6 5. 0-0 Be7 6. Re1 b5 7. Bb3 0-0 8. h3 Bb7 9. d3 h6 10. Nc3 Bb4 11. Bd2 d6 12. a3 Ba5 13. Ba2 Nd4 14. Nxd4 exd4 15. Ne2 Bxd2 16. Qxd2 c5 17. Ng3 Bc8 18. c3 dxc3 19. Qxc3 Be6 20. e5 dxe5 21. Bxe6 fxe6 22. Qxe5 Qxd3 23. Rad1 Qb3 24. Rd6 Rfd8 25. Re3 Qc4 26. Qxe6+ Qxe6 27. Rexe6 Rxd6 28. Rxd6 Ra7 29. Nf5 Ne4 30. Re6 Nd2 31. Nd6 c4 32. f4 Nb3 33. Ne4 Nd4 34. Re8+ Kf7 35. Nd6+ Kf6 36. Ne4+ Kf7 37. Nd6+ Kf6 38. Ne4+ 1/2-1/2

[Event "Brasschaat op 07th"]
[Site "Brasschaat"]
[Date "2007.08.23"]
[Round "6"]
[White "Schuermans, Robert"]
[Black "Dutreeuw, Marc"]
[Result "1/2-1/2"]
[WhiteElo "2279"]
[BlackElo "2416"]
[PlyCount "73"]
[EventDate "2007.08.18"]
[EventType "swiss"]
[EventRounds "9"]
[EventCountry "BEL"]
[SourceTitle "CBM 120 Extra"]
[Source "ChessBase"]
[SourceDate "2007.11.01"]
[SourceVersion "1"]
[SourceVersionDate "2007.11.01"]
[SourceQuality "1"]

1. e4 e5 2. Bc4 Nf6 3. d4 exd4 4. Nf3 Nc6 5. Nxd4 Nxe4 6. Qh5 Qf6 7. Nxc6 dxc6 8. 0-0 Be6 9. Qe2 Bxc4 10. Qxc4 Nd6 11. Qc5 Be7 12. Qa5 b6 13. Qa4 Nb5 14. c3 0-0 15. Qc4 Qe6 16. Nd2 Qd7 17. Nf3 Bf6 18. Bg5 Nd6 19. Qh4 Bxg5 20. Nxg5 h6 21. Nf3 Rfe8 22. Rfe1 Rxe1+ 23. Rxe1 Re8 24. Rxe8+ Qxe8 25. Qd4 Qe2 26. Qd2 Qe4 27. Qc1 c5 28. h3 Qd5 29. a3 Qd3 30. Qe1 Ne4 31. Ne5 Qd5 32. Ng4 Kh7 33. Ne3 Qd3 34. Qd1 c4 35. Qf3 Nd6 36. Kh2 Qd2 37. Nxc4 1/2-1/2

[Event "Ghent op"]
[Site "Ghent"]
[Date "2007.07.17"]
[Round "8"]
[White "De Saegher, Chris"]
[Black "Dutreeuw, Marc"]
[Result "0-1"]
[WhiteElo "2194"]
[BlackElo "2398"]
[PlyCount "52"]
[EventDate "2007.07.14"]
[EventType "swiss"]
[EventRounds "9"]
[EventCountry "BEL"]
[SourceTitle "CBM 119 Extra"]
[Source "ChessBase"]
[SourceDate "2007.09.04"]
[SourceVersion "1"]
[SourceVersionDate "2007.09.04"]
[SourceQuality "1"]

1. d4 d6 2. Nf3 g6 3. c4 Bg7 4. Nc3 e5 5. e4 exd4 6. Nxd4 Ne7 7. Be2 Nbc6 8. Be3 0-0 9. 0-0 f5 10. Nxc6 bxc6 11. Bd4 c5 12. Bxg7 Kxg7 13. Bf3 Rb8 14. b3 Nc6 15. exf5 Nd4 16. Be4 Bxf5 17. Bxf5 Rxf5 18. Ne2 Qf6 19. Qd2 Re8 20. Rae1 Rfe5 21. Nc3 Nf3+ 22. gxf3 Rg5+ 23. Qxg5 Qxg5+ 24. Kh1 Rxe1 25. Rxe1 Qd2 26. Re7+ Kf8 0-1

[Event "Antwerp"]
[Site "Antwerp"]
[Date "2007.07.08"]
[Round "9"]
[White "Dutreeuw, Marc"]
[Black "Dardha, Arben"]
[Result "0-1"]
[WhiteElo "2401"]
[BlackElo "2286"]
[PlyCount "76"]
[EventDate "2007.06.30"]
[EventType "tourn"]
[EventRounds "9"]
[EventCountry "BEL"]
[EventCategory "5"]
[SourceTitle "CBM 119 Extra"]
[Source "ChessBase"]
[SourceDate "2007.09.04"]
[SourceVersion "1"]
[SourceVersionDate "2007.09.04"]
[SourceQuality "1"]

1. e4 c5 2. Nf3 Nc6 3. d4 cxd4 4. Nxd4 Nf6 5. Nc3 e5 6. Ndb5 d6 7. Be3 a6 8. Na3 b5 9. Nd5 Rb8 10. Be2 Nxd5 11. exd5 Ne7 12. c4 Nf5 13. Bd2 Nd4 14. cxb5 axb5 15. Nc2 Nxc2+ 16. Qxc2 Be7 17. Bd3 g6 18. Bh6 Bd7 19. 0-0 f5 20. f3 Qb6+ 21. Kh1 Qd4 22. Qb3 g5 23. Rfd1 Qa4 24. Rdc1 Bd8 25. Qxa4 bxa4 26. b3 axb3 27. Rab1 Rb4 28. Bc4 b2 29. Rc2 Kf7 30. Rbxb2 Rxb2 31. Rxb2 Kg6 32. Rb7 Be8 33. Rb8 Bd7 34. Ra8 Kxh6 35. a4 Bf6 36. Ra6 Rc8 37. Bf1 Kg6 38. a5 Rc1 0-1

[Event "Antwerp"]
[Site "Antwerp"]
[Date "2007.07.03"]
[Round "4"]
[White "Docx, Stefan"]
[Black "Dutreeuw, Marc"]
[Result "1/2-1/2"]
[WhiteElo "2338"]
[BlackElo "2401"]
[PlyCount "55"]
[EventDate "2007.06.30"]
[EventType "tourn"]
[EventRounds "9"]
[EventCountry "BEL"]
[EventCategory "5"]
[SourceTitle "CBM 119 Extra"]
[Source "ChessBase"]
[SourceDate "2007.09.04"]
[SourceVersion "1"]
[SourceVersionDate "2007.09.04"]
[SourceQuality "1"]

1. e4 d5 2. exd5 Qxd5 3. Nc3 Qd6 4. d4 Nf6 5. Bg5 Bg4 6. Qd2 e6 7. Nb5 Qe7 8. a3 a6 9. Nc3 h6 10. Bh4 Nc6 11. h3 Bf5 12. g4 Bh7 13. Bg2 g5 14. Bg3 Nd5 15. 0-0-0 0-0-0 16. Nge2 Bg7 17. Rhe1 Qd7 18. Ne4 Bxe4 19. Bxe4 f5 20. Bh1 f4 21. Bh2 Nb6 22. c3 Na5 23. Qc2 Qb5 24. Kb1 e5 25. dxe5 Bxe5 26. Nd4 Bxd4 27. cxd4 Rhe8 28. Qf5+ 1/2-1/2

[Event "Antwerp"]
[Site "Antwerp"]
[Date "2007.07.02"]
[Round "3"]
[White "De Wit, Michel"]
[Black "Dutreeuw, Marc"]
[Result "1/2-1/2"]
[WhiteElo "2265"]
[BlackElo "2401"]
[PlyCount "53"]
[EventDate "2007.06.30"]
[EventType "tourn"]
[EventRounds "9"]
[EventCountry "BEL"]
[EventCategory "5"]
[SourceTitle "CBM 119 Extra"]
[Source "ChessBase"]
[SourceDate "2007.09.04"]
[SourceVersion "1"]
[SourceVersionDate "2007.09.04"]
[SourceQuality "1"]

1. e4 c5 2. Nf3 e6 3. c3 d5 4. exd5 exd5 5. d4 Nf6 6. Be3 c4 7. b3 cxb3 8. axb3 Bd6 9. Bd3 Nc6 10. 0-0 h6 11. h3 0-0 12. Nbd2 Re8 13. Qb1 Bd7 14. Re1 Rc8 15. b4 a6 16. Ra2 Na7 17. c4 dxc4 18. Nxc4 Be6 19. Rc2 Nc6 20. Nxd6 Qxd6 21. b5 Nb4 22. Rxc8 Bxc8 23. bxa6 Nxd3 24. axb7 Bxb7 25. Qxd3 Bxf3 26. gxf3 Nd5 27. Qf5 1/2-1/2

[Event "Antwerp"]
[Site "Antwerp"]
[Date "2007.07.01"]
[Round "2"]
[White "Dutreeuw, Marc"]
[Black "Claesen, Jeroen"]
[Result "1-0"]
[WhiteElo "2401"]
[BlackElo "2260"]
[PlyCount "45"]
[EventDate "2007.06.30"]
[EventType "tourn"]
[EventRounds "9"]
[EventCountry "BEL"]
[EventCategory "5"]
[SourceTitle "CBM 119 Extra"]
[Source "ChessBase"]
[SourceDate "2007.09.04"]
[SourceVersion "1"]
[SourceVersionDate "2007.09.04"]
[SourceQuality "1"]

1. c4 Nf6 2. Nc3 c5 3. Nf3 Nc6 4. d4 cxd4 5. Nxd4 g6 6. e4 Bg7 7. Be3 d6 8. Be2 Bd7 9. 0-0 a6 10. f3 0-0 11. Qd2 Qc7 12. Rac1 Ne5 13. Nd5 Nxd5 14. cxd5 Qb8 15. f4 Ng4 16. Bxg4 Bxg4 17. f5 gxf5 18. exf5 Rc8 19. h3 Rxc1 20. Qxc1 Bxd4 21. Bxd4 Be2 22. Re1 e5 23. dxe6 1-0

[Event "BEL-chT 0607"]
[Site "Belgium"]
[Date "2007.03.25"]
[Round "11"]
[White "Dutreeuw, Marc"]
[Black "Fressinet, Laurent"]
[Result "1/2-1/2"]
[WhiteElo "2385"]
[BlackElo "2646"]
[PlyCount "99"]
[EventDate "2006.10.01"]
[EventType "team-tourn"]
[EventRounds "11"]
[EventCountry "BEL"]
[SourceTitle "EXT 2008"]
[Source "ChessBase"]
[SourceDate "2007.11.25"]
[SourceVersion "1"]
[SourceVersionDate "2007.11.25"]
[SourceQuality "1"]
[WhiteTeam "Borgerhout"]
[BlackTeam "Namur"]
[WhiteTeamCountry "BEL"]
[BlackTeamCountry "BEL"]

1. e4 e5 2. Nf3 Nc6 3. Bc4 Nf6 4. d3 Be7 5. 0-0 0-0 6. Re1 d6 7. c3 Na5 8. Bb5 a6 9. Ba4 b5 10. Bc2 c5 11. Nbd2 Nc6 12. Nf1 Re8 13. Ne3 Bf8 14. h3 g6 15. a3 Bg7 16. b4 h6 17. Nh2 Be6 18. Nhg4 Nxg4 19. hxg4 Ne7 20. Bb3 Rc8 21. Bb2 c4 22. dxc4 bxc4 23. Ba4 Rf8 24. Bc1 f5 25. gxf5 gxf5 26. exf5 Nxf5 27. Bc2 Qh4 28. Nxf5 Bxf5 29. Bxf5 Rxf5 30. g3 Qh3 31. Qd5+ Kh8 32. Qe6 Rcf8 33. Re4 Qh5 34. Be3 Qf3 35. Rh4 R8f6 36. Qc8+ Kh7 37. Qxc4 Rg6 38. Qe4 Qxe4 39. Rxe4 d5 40. Rh4 Bf6 41. Rh2 d4 42. cxd4 exd4 43. Bd2 Rf3 44. Kg2 Rb3 45. Rhh1 Rb2 46. Bc1 Rc2 47. Bf4 Bg7 48. Rhd1 Rgc6 49. a4 Rb6 50. Bd2 1/2-1/2

[Event "Paris Multicoms-B"]
[Site "Paris"]
[Date "2006.12.29"]
[Round "8"]
[White "Glicenstein, Asher"]
[Black "Dutreeuw, Marc"]
[Result "0-1"]
[WhiteElo "2278"]
[BlackElo "2384"]
[PlyCount "74"]
[EventDate "2006.12.13"]
[EventType "tourn"]
[EventRounds "9"]
[EventCountry "FRA"]
[EventCategory "4"]
[SourceTitle "CBM 115 Extra"]
[Source "ChessBase"]
[SourceDate "2007.01.10"]
[SourceVersion "1"]
[SourceVersionDate "2007.01.10"]
[SourceQuality "1"]

1. e4 c5 2. Nf3 a6 3. Nc3 b5 4. d4 cxd4 5. Nxd4 Bb7 6. Bd3 Nc6 7. Nxc6 Bxc6 8. 0-0 e6 9. e5 Ne7 10. Qh5 Ng6 11. f4 Qb6+ 12. Kh1 Qb7 13. Qe2 Be7 14. Bd2 0-0 15. Ne4 f6 16. exf6 Bxf6 17. c3 Be7 18. Rae1 Rf7 19. Qg4 Raf8 20. Ng5 Bxg5 21. Qxg5 Ne7 22. h4 Nf5 23. Kh2 Rf6 24. h5 Qb8 25. Bc2 Qe8 26. c4 Nd4 27. Bc3 Nxc2 28. Re2 Nb4 29. f5 Nxa2 30. Bd4 h6 31. Qg4 exf5 32. Rxf5 Qxe2 33. Qxe2 Rxf5 34. b3 Rg5 35. g3 Rff5 36. g4 Rf4 37. Be3 Rfxg4 0-1

[Event "BEL-chT 0607"]
[Site "Belgium"]
[Date "2006.12.03"]
[Round "5"]
[White "Dutreeuw, Marc"]
[Black "Docx, Stefan"]
[Result "1-0"]
[WhiteElo "2384"]
[BlackElo "2359"]
[PlyCount "125"]
[EventDate "2006.10.01"]
[EventType "team-tourn"]
[EventRounds "11"]
[EventCountry "BEL"]
[SourceTitle "CBM 115 Extra"]
[Source "ChessBase"]
[SourceDate "2007.01.10"]
[SourceVersion "1"]
[SourceVersionDate "2007.01.10"]
[SourceQuality "1"]
[WhiteTeam "Borgerhout"]
[BlackTeam "Boey Temse"]
[WhiteTeamCountry "BEL"]
[BlackTeamCountry "BEL"]

1. e4 c5 2. Nf3 d6 3. d4 cxd4 4. Nxd4 Nf6 5. Nc3 a6 6. g3 e5 7. Nf3 Be7 8. Bg2 0-0 9. 0-0 Nc6 10. Bg5 Be6 11. Bxf6 Bxf6 12. Nd5 Bxd5 13. Qxd5 Qb6 14. Qb3 Qxb3 15. axb3 Rfd8 16. c3 Ne7 17. Rfd1 d5 18. exd5 Nxd5 19. Nxe5 Nxc3 20. bxc3 Bxe5 21. Bxb7 Rab8 22. Bxa6 Bxc3 23. Rxd8+ Rxd8 24. Rc1 Be5 25. Rc5 Bd6 26. Rc6 Kf8 27. Bc4 Ke7 28. Ra6 Rd7 29. Ra5 g6 30. g4 Rc7 31. h3 Rc5 32. Ra7+ Rc7 33. Ra8 Kf6 34. Ra6 Ke7 35. Kf1 Bc5 36. Ra5 Kd6 37. Ke2 Re7+ 38. Kf3 Ra7 39. Rxa7 Bxa7 40. Bxf7 g5 41. Ke2 Ke5 42. f3 Kd4 43. f4 gxf4 44. Kf3 Ke5 45. g5 Kf5 46. h4 Bc5 47. Bc4 Kg6 48. Bd3+ Kg7 49. Kxf4 Bf2 50. h5 Be1 51. Ke5 Bd2 52. g6 Bc3+ 53. Kd5 Kh6 54. Ke6 Kg7 55. Be4 Bd2 56. Kd5 Kh6 57. Kd4 Bc1 58. Ke5 Kg7 59. b4 Bb2+ 60. Kd5 Bc1 61. b5 Be3 62. Kc6 Bf4 63. b6 1-0

[Event "BEL-chT 0607"]
[Site "Belgium"]
[Date "2006.11.19"]
[Round "4"]
[White "Decoster, Frederic"]
[Black "Dutreeuw, Marc"]
[Result "1/2-1/2"]
[WhiteElo "2168"]
[BlackElo "2384"]
[PlyCount "38"]
[EventDate "2006.10.01"]
[EventType "team-tourn"]
[EventRounds "11"]
[EventCountry "BEL"]
[SourceTitle "CBM 115 Extra"]
[Source "ChessBase"]
[SourceDate "2007.01.10"]
[SourceVersion "1"]
[SourceVersionDate "2007.01.10"]
[SourceQuality "1"]
[WhiteTeam "KBSK Brugge II"]
[BlackTeam "Borgerhout"]
[WhiteTeamCountry "BEL"]
[BlackTeamCountry "BEL"]

1. e4 c5 2. Nf3 a6 3. Nc3 b5 4. d4 cxd4 5. Nxd4 Bb7 6. Bg5 Nf6 7. Bxf6 gxf6 8. Qh5 Nc6 9. 0-0-0 Nxd4 10. Rxd4 Qb6 11. Qd1 e6 12. f3 Bc5 13. Rd3 0-0-0 14. g3 Bc6 15. Qe1 Kb8 16. Kb1 Ka7 17. Bg2 Qb7 18. Ne2 d5 19. Qc3 Be7 1/2-1/2

[Event "Le Touquet op"]
[Site "Le Touquet"]
[Date "2006.11.01"]
[Round "7"]
[White "Dutreeuw, Marc"]
[Black "Lacrosse, Marc"]
[Result "1-0"]
[WhiteElo "2384"]
[BlackElo "2238"]
[PlyCount "167"]
[EventDate "2006.10.28"]
[EventType "swiss"]
[EventRounds "9"]
[EventCountry "FRA"]
[SourceTitle "EXT 2007"]
[Source "ChessBase"]
[SourceDate "2006.11.23"]
[SourceVersion "1"]
[SourceVersionDate "2006.11.23"]
[SourceQuality "1"]

1. e4 e5 2. Nf3 Nc6 3. Bb5 a6 4. Ba4 Nf6 5. 0-0 Nxe4 6. d4 b5 7. Bb3 d5 8. dxe5 Be6 9. Be3 Be7 10. c3 Qd7 11. Nbd2 Rd8 12. Re1 0-0 13. Bc2 Bf5 14. Nxe4 Bxe4 15. Bxe4 dxe4 16. Qxd7 Rxd7 17. e6 fxe6 18. Nd2 Ne5 19. Nxe4 Nd3 20. Re2 Rf5 21. f3 h6 22. a4 Rfd5 23. axb5 axb5 24. g3 Kf7 25. Kg2 Ne5 26. f4 Ng4 27. Rae1 Rd1 28. Bd4 Rxe1 29. Rxe1 Nf6 30. Nf2 c5 31. Be3 Nd5 32. Nd3 Nxe3+ 33. Rxe3 Bd6 34. Kf3 Kf6 35. Nf2 c4 36. Ne4+ Kf7 37. Re1 Be7 38. Ra1 Rd3+ 39. Ke2 Rd5 40. Ra7 g6 41. g4 Kf8 42. Ra6 Kf7 43. Rb6 g5 44. fxg5 hxg5 45. Rb7 Kf8 46. Rb8+ Kf7 47. Rb7 Kf8 48. Nd2 Re5+ 49. Kf3 Rd5 50. Ke2 Re5+ 51. Kf3 Rd5 52. Ke3 Re5+ 53. Ne4 Rd5 54. Rb8+ Kf7 55. Rb7 Kf8 56. Ke2 Re5 57. Kf3 Rd5 58. Rb8+ Kf7 59. Rb7 Kf8 60. h3 Rd3+ 61. Ke2 Rd5 62. Rb8+ Kf7 63. Rb7 Kf8 64. Nd2 Re5+ 65. Kf3 Rd5 66. Ke2 Re5+ 67. Kd1 Kf7 68. Nf3 Rd5+ 69. Ke2 Ke8 70. Nd4 Re5+ 71. Kd2 Rd5 72. Ke2 Re5+ 73. Kf3 Bc5 74. Rxb5 Bxd4 75. Rb8+ Kf7 76. cxd4 Re1 77. Rb4 Rh1 78. Rxc4 Rxh3+ 79. Ke4 Rg3 80. Ke5 Re3+ 81. Kd6 Kf6 82. b4 Rd3 83. Kc6 Ke7 84. b5 1-0

[Event "Le Touquet op"]
[Site "Le Touquet"]
[Date "2006.11.01"]
[Round "6"]
[White "Ringoir, Tanguy"]
[Black "Dutreeuw, Marc"]
[Result "1/2-1/2"]
[WhiteElo "2185"]
[BlackElo "2384"]
[PlyCount "42"]
[EventDate "2006.10.28"]
[EventType "swiss"]
[EventRounds "9"]
[EventCountry "FRA"]
[SourceTitle "EXT 2007"]
[Source "ChessBase"]
[SourceDate "2006.11.23"]
[SourceVersion "1"]
[SourceVersionDate "2006.11.23"]
[SourceQuality "1"]

1. e4 c5 2. Nc3 a6 3. g3 b5 4. Bg2 Bb7 5. d3 e6 6. f4 d5 7. exd5 Nf6 8. Nf3 Nxd5 9. Nxd5 Bxd5 10. 0-0 Be7 11. Qe2 0-0 12. c4 Bb7 13. Be3 Nd7 14. Rad1 Qc7 15. b3 Rac8 16. Bc1 Bf6 17. Bb2 Bxb2 18. Qxb2 Rfd8 19. Rfe1 h6 20. Qe2 Bc6 21. Nh4 Qb7 1/2-1/2

[Event "Le Touquet op"]
[Site "Le Touquet"]
[Date "2006.10.31"]
[Round "5"]
[White "Bonneville, Jean Paul"]
[Black "Dutreeuw, Marc"]
[Result "0-1"]
[WhiteElo "2025"]
[BlackElo "2384"]
[PlyCount "70"]
[EventDate "2006.10.28"]
[EventType "swiss"]
[EventRounds "9"]
[EventCountry "FRA"]
[SourceTitle "EXT 2007"]
[Source "ChessBase"]
[SourceDate "2006.11.23"]
[SourceVersion "1"]
[SourceVersionDate "2006.11.23"]
[SourceQuality "1"]

1. Nf3 Nf6 2. g3 b5 3. Bg2 Bb7 4. Na3 a6 5. c4 c6 6. 0-0 d6 7. b3 Nbd7 8. Bb2 e6 9. d3 Be7 10. Nc2 c5 11. e3 0-0 12. Qe2 Ra7 13. e4 bxc4 14. bxc4 Nb6 15. e5 dxe5 16. Bxe5 Nfd7 17. d4 Qa8 18. Rab1 Na4 19. Rb3 cxd4 20. Bxd4 Bc5 21. Rxb7 Qxb7 22. Ng5 Qb6 23. Qe4 g6 24. Ba1 Be7 25. Qh4 h5 26. Qf4 Nac5 27. Ne4 Qd8 28. Rd1 Nxe4 29. Qxe4 Bf6 30. Nd4 Nc5 31. Qc2 Rd7 32. Bd5 exd5 33. Nc6 Qc7 34. Bxf6 Qxc6 35. cxd5 Qxf6 0-1

[Event "Le Touquet op"]
[Site "Le Touquet"]
[Date "2006.10.30"]
[Round "3"]
[White "Dehesdin, Wilfried"]
[Black "Dutreeuw, Marc"]
[Result "0-1"]
[WhiteElo "2096"]
[BlackElo "2384"]
[PlyCount "61"]
[EventDate "2006.10.28"]
[EventType "swiss"]
[EventRounds "9"]
[EventCountry "FRA"]
[SourceTitle "EXT 2007"]
[Source "ChessBase"]
[SourceDate "2006.11.23"]
[SourceVersion "1"]
[SourceVersionDate "2006.11.23"]
[SourceQuality "1"]

1. d4 d5 2. Nf3 Nf6 3. e3 g6 4. Bd3 Bg7 5. b3 c5 6. c3 Nbd7 7. Bb2 0-0 8. Nbd2 b6 9. 0-0 Bb7 10. Qe2 Qc7 11. Ba6 Rfd8 12. Rfe1 Qc8 13. Bd3 Qc7 14. Rac1 Rac8 15. c4 Qb8 16. cxd5 Nxd5 17. Nc4 Qa8 18. dxc5 Nxc5 19. Bxg7 Kxg7 20. Qb2+ f6 21. Be2 Nb4 22. Qa3 Nbd3 23. Bxd3 Rxd3 24. Nh4 Rcd8 25. Nb2 R3d7 26. Qb4 Kf8 27. Qg4 Rd2 28. Re2 Bf3 29. gxf3 Rxe2 30. Nc4 Qd5 31. e4 0-1

[Event "Ghent op 29th"]
[Site "Ghent"]
[Date "2006.07.18"]
[Round "7"]
[White "Van de Velde, Koen"]
[Black "Dutreeuw, Marc"]
[Result "1/2-1/2"]
[WhiteElo "2165"]
[BlackElo "2415"]
[PlyCount "88"]
[EventDate "2006.07.15"]
[EventType "swiss"]
[EventRounds "9"]
[EventCountry "BEL"]
[SourceTitle "CBM 113 Extra"]
[Source "ChessBase"]
[SourceDate "2006.09.14"]
[SourceVersion "1"]
[SourceVersionDate "2006.09.14"]
[SourceQuality "1"]

1. Nf3 d5 2. d4 Nf6 3. c4 dxc4 4. Qa4+ c6 5. Qxc4 b5 6. Qc2 Bb7 7. Nbd2 e6 8. e3 Nbd7 9. Be2 Qb6 10. a4 a6 11. 0-0 Be7 12. Nb3 0-0 13. Bd2 bxa4 14. Na5 c5 15. Nxb7 Qxb7 16. Rxa4 Rfc8 17. Bc3 Nd5 18. Rfa1 cxd4 19. Nxd4 Nc5 20. Rc4 Rab8 21. Bf3 Nd7 22. Rxc8+ Rxc8 23. Bxd5 exd5 24. Qe2 Nc5 25. Nf5 Bf8 26. Qg4 Ne6 27. Nh6+ Kh8 28. Qf5 Nd8 29. h4 Rc4 30. h5 d4 31. Bxd4 Qc7 32. Ng4 Rc1+ 33. Rxc1 Qxc1+ 34. Kh2 Qc7+ 35. Be5 Bd6 36. f4 Bxe5 37. Nxe5 h6 38. Qd7 Qxd7 39. Nxd7 Kg8 40. Kg3 Nc6 41. Kf3 f6 42. Ke4 Kf7 43. Nc5 a5 44. g4 Ke7 1/2-1/2

[Event "Ghent op 29th"]
[Site "Ghent"]
[Date "2006.07.15"]
[Round "2"]
[White "Dutreeuw, Marc"]
[Black "De Fre, Walter"]
[Result "1-0"]
[WhiteElo "2415"]
[BlackElo "2031"]
[PlyCount "81"]
[EventDate "2006.07.15"]
[EventType "swiss"]
[EventRounds "9"]
[EventCountry "BEL"]
[SourceTitle "CBM 113 Extra"]
[Source "ChessBase"]
[SourceDate "2006.09.14"]
[SourceVersion "1"]
[SourceVersionDate "2006.09.14"]
[SourceQuality "1"]

1. e4 d5 2. exd5 Nf6 3. Nf3 Qxd5 4. Nc3 Qd6 5. d4 c6 6. Ne5 Bf5 7. Nc4 Qc7 8. Bg5 Nbd7 9. Qd2 Nb6 10. Bf4 Nxc4 11. Bxc4 Qb6 12. d5 Ne4 13. Nxe4 Bxe4 14. 0-0-0 Bxg2 15. dxc6 Bxc6 16. Rhg1 e6 17. Be5 Qc5 18. Qe2 Rg8 19. f4 Bd7 20. Rxd7 Kxd7 21. Rd1+ Kc8 22. Qd3 Qe7 23. Qxh7 f6 24. Qxg8 fxe5 25. Bxe6+ Kb8 26. Rd7 Qc5 27. a3 a5 28. Kb1 Ka7 29. Bd5 Rb8 30. Qf7 Qb6 31. Bxb7 Rxb7 32. Rxb7+ Qxb7 33. Qxf8 Qh1+ 34. Ka2 Qd5+ 35. b3 e4 36. Qxg7+ Ka6 37. Qg6+ Ka7 38. f5 e3 39. f6 e2 40. Qg7+ Ka6 41. f7 1-0

[Event "BEL-chT 0506"]
[Site "Belgium"]
[Date "2006.03.26"]
[Round "11"]
[White "Naiditsch, Arkadij"]
[Black "Dutreeuw, Marc"]
[Result "1-0"]
[WhiteElo "2657"]
[BlackElo "2375"]
[PlyCount "69"]
[EventDate "2005.10.09"]
[EventType "team-tourn"]
[EventRounds "11"]
[EventCountry "BEL"]
[SourceTitle "EXT 2007"]
[Source "ChessBase"]
[SourceDate "2006.11.23"]
[SourceVersion "1"]
[SourceVersionDate "2006.11.23"]
[SourceQuality "1"]
[WhiteTeam "KSK47 Eynatten"]
[BlackTeam "Borgerhout"]
[WhiteTeamCountry "BEL"]
[BlackTeamCountry "BEL"]

1. e4 d5 2. exd5 Qxd5 3. Nc3 Qd6 4. d4 Nf6 5. Be2 Bf5 6. Bf3 Nc6 7. Nge2 0-0-0 8. 0-0 e5 9. d5 Nb4 10. Bg5 Be7 11. Qd2 Bg6 12. Rfd1 e4 13. Bxf6 exf3 14. Bxe7 Qxe7 15. Nf4 Bxc2 16. Re1 Qg5 17. g3 Kb8 18. Qd4 Na6 19. Rac1 Bf5 20. Nb5 b6 21. Qc4 Rc8 22. Nd4 Kb7 23. Re3 Bd7 24. Nxf3 Qf6 25. Ne5 Be8 26. Nc6 Nb8 27. Ne7 Bd7 28. Nxc8 Rxc8 29. b4 Qd6 30. Qd4 f6 31. Ne6 Bxe6 32. Rxe6 Qd7 33. Qe4 Rd8 34. Re7 Qd6 35. Rcxc7+ 1-0